00679nam a2200193Ia 4500003000900000008004100009020001800050040001600068080001300084100002700097245009500124260003300219300001500252650002000267650004100287942000700328999001700335952013300352IN-BaIIA211028s9999 xx 000 0 eng d a0-12-705900-8 cIIA Library a535bTYS aTyson, Robert K917742 0aPrinciples of adaptive opticscRobert K Tyson  aBostonbAcademic Pressc1991 axii, 298p. aAdaptive optics aAstronomy and astrophysics thesaurus cBK c11138d11138 00104070aBANbBANcGENd1994-08-26g1738.00l1o535/ TYSp12052r2023-03-27s2023-02-20v1738.00w1994-08-26yBKGRs. 1738.00